Fun Holiday Calendar - January Quiz Stats

 Plays Quiz not verified by Sporcle

Score 0/31 Timer 10:00
0 Plays Today
% Correct
Stick to Your New Year’s Resolution Day
42.4%
Australia Day
13.6%
Ratification Day
11.9%
Bubble Wrap Appreciation Day
11.9%
Trivia Day
10.2%
National Nothing Day
10.2%
National Hugging Day
10.2%
Drinking Straw Day
8.5%
International Programmers Day
6.8%
National Pharmacist Day
6.8%
National Peanut Butter Day
6.8%
National Chocolate Cake Day
6.8%
National Puzzle Day
6.8%
Public Domain Day
5.1%
Connecticut Statehood
5.1%
Thesaurus Day
5.1%
% Correct
National Handwriting Day
5.1%
National Bird Day
3.4%
Apple Tree Day
3.4%
Bittersweet Chocolate Day
3.4%
Public Radio Broadcasting Day
3.4%
Kid Inventors Day
3.4%
Celebration of Life Day
3.4%
Opposite Day
3.4%
National Kazoo Day
3.4%
Women’s Healthy Weight Day
1.7%
Backwards Day
1.7%
Georgia Statehood
0%
New Mexico Statehood
0%
World Religion Day
0%
National Disc Jockey Day
0%

You're not logged in!

Compare scores with friends on all Sporcle quizzes.
OR
Log In

You Might Also Like...

Show Comments

Extras

Top Quizzes Today


Score Distribution

Your Account Isn't Verified!

In order to create a playlist on Sporcle, you need to verify the email address you used during registration. Go to your Sporcle Settings to finish the process.

Report this User

Report this user for behavior that violates our Community Guidelines.

Details: